000 00571nam a2200193Ia 4500
003 OSt
005 20251021150109.0
008 Pun
037 _cTB
040 _aARTS
_cARTS
_bPun
041 _2Pun
_aPun
084 _aO153,1:g M1
_qAL
100 _aਕੁਲਵੰਤ ਕੌਰ
_9156278
245 0 _aਪੰਜਾਬੀ ਕਿਂੱਸਾ ਕਾਵਿ:
_bਇਕ ਅਧਿਐਨ
260 _c1981.
650 _aਪੰਜਾਬੀ ਸਾਹਿਤ
_9848991
942 _hO153,1:g, M1
_cTB
_2CC
_n0
999 _c380727
_d380727